000
00208nam a2200097Ia 4500
008
220204s9999 xx 000 0 und d
082
_a
82-3
_b
HEA
100
_a
Heaps, Leo
245
0
_a
Quebec plot
942
_c
BK
999
_c
35247
_d
35247